CPA review in taxation with special topics/ (Record no. 5778)

MARC details
000 -LEADER
fixed length control field 00559nam a22001817a 4500
003 - CONTROL NUMBER IDENTIFIER
control field OSt
005 - DATE AND TIME OF LATEST TRANSACTION
control field 20251118112804.0
008 - FIXED-LENGTH DATA ELEMENTS--GENERAL INFORMATION
fixed length control field 251118b |||||||| |||| 00| 0 eng d
020 ## - INTERNATIONAL STANDARD BOOK NUMBER
International Standard Book Number 9786219522991
040 ## - CATALOGING SOURCE
Original cataloging agency DWCL-Main lib
Transcribing agency OC
082 ## - DEWEY DECIMAL CLASSIFICATION NUMBER
Classification number Fil. 336.2 T112c 2019
100 ## - MAIN ENTRY--PERSONAL NAME
Personal name Tabag, Enrico D.
245 ## - TITLE STATEMENT
Title CPA review in taxation with special topics/
Statement of responsibility, etc. Enrico D. Tabag
260 ## - PUBLICATION, DISTRIBUTION, ETC.
Place of publication, distribution, etc. Manila, Philippines :
Name of publisher, distributor, etc. EDT bookshop ,
Date of publication, distribution, etc. 2019
300 ## - PHYSICAL DESCRIPTION
Extent ii, 762 pages :
Other physical details illustrations ;
Dimensions 25cm.
650 ## - SUBJECT ADDED ENTRY--TOPICAL TERM
Topical term or geographic name entry element 1. Taxation
942 ## - ADDED ENTRY ELEMENTS (KOHA)
Source of classification or shelving scheme Dewey Decimal Classification
Koha item type Book-Filipiniana
Call number prefix Fil.
Suppress in OPAC No
952 ## - LOCATION AND ITEM INFORMATION (KOHA)
--
Holdings
Withdrawn status Lost status Source of classification or shelving scheme Damaged status Not for loan Home library Current library Shelving location Date acquired Source of acquisition Total Checkouts Full call number Barcode Date last seen Copy number Price effective from Koha item type Uniform Resource Identifier
    Dewey Decimal Classification     College Library College Library Filipiniana 10/28/2021 Donation   Fil. 336.2 T112c 2019 53023 11/18/2025 c1 11/18/2025 BK - FIL